000 00552nam a2200157 i 4500
001 74584
003 ES-MaACL
005 20230906172158.0
007 t|
008 190429s1885 sp ||||1| spa d
100 0 _aLópez Argüeta, Santiago.
_973416
245 1 0 _aDiscurso leído ante la Universidad Literaria de Granada en la solemne apertura del curso académico de 1885 a 1886 /
_cpor... Santiago López Argüeta.
260 _aGranada :
_b[s.n.],
_c1885 (
_fImp. de Indalecio Ventura)
300 _a32 p. ;
_c25 cm.
852 _aES-MaACL
_jT-390-F-3
999 _c74584
_d74584